Food and nutrition in numbers : (Record no. 20525)

000 -LEADER
fixed length control field 00520cam a22001817i 4500
020 ## - INTERNATIONAL STANDARD BOOK NUMBER
ISBN 9251086176
020 ## - INTERNATIONAL STANDARD BOOK NUMBER
ISBN 9789251086179
040 ## - CATALOGING SOURCE
Transcribing agency YDXCP
082 04 - DEWEY DECIMAL CLASSIFICATION NUMBER
Classification number 338 FAO 2014 C323 Or.1
245 00 - TITLE STATEMENT
Title Food and nutrition in numbers :
Remainder of title 2014.
300 ## - PHYSICAL DESCRIPTION
Number of Pages iii, 245 pages :
Other physical details illustrations, maps ;
Dimensions 19 cm
500 ## - GENERAL NOTE
General note "I4175E/1/11.14"--Page 4 of cover.
650 #0 - SUBJECT ADDED ENTRY--TOPICAL TERM
Topical Term Food supply
650 #0 - SUBJECT ADDED ENTRY--TOPICAL TERM
Topical Term Nutrition
650 #0 - SUBJECT ADDED ENTRY--TOPICAL TERM
Topical Term Malnutrition
710 2# - ADDED ENTRY--CORPORATE NAME
Corporate name or jurisdiction name as entry element Food and Agriculture Organization of the United Nations,
942 ## - ADDED ENTRY ELEMENTS (KOHA)
Koha item type ADB
952 ## - LOCATION AND ITEM INFORMATION (KOHA)
Withdrawn status [LOCAL, KOHA] 0
Holdings
Permanent Location Date acquired Koha item type Lost status Shelving location Barcode Current Location Full call number
Library Block C2022-09-16ADB C323a069605Library Block C338 FAO 2014 C323 Or.1
មជ្ឈមណ្ឌលឯការនៃសាកលវិទ្យាល័យភូមិន្ទកសិកម្មចំការដូង

Powered by Koha